Management accounting

Spremljeno u:
Bibliografski detalji
Glavni autor: Hansen, Don R.
Daljnji autori: Mowen, Maryanne M., Ulmer, Donna K.
Format: Knjiga
Jezik:English
Izdano: America Thomson south western 2005
Izdanje:7th ed
Teme:
Oznake: Dodaj oznaku
Bez oznaka, Budi prvi tko označuje ovaj zapis!
Thư viện lưu trữ: Trung tâm Học liệu Lê Vũ Hùng, Trường Đại học Đồng Tháp
LEADER 00747pam a22002418a 4500
001 00023651
005 20171026081025.0
008 110628s2005 ||||||engsd
020 # # |a 0324234880 
041 0 # |a eng 
082 1 4 |a 658.15  |b M100N 
100 1 # |a Hansen, Don R. 
245 1 0 |a Management accounting  |c Don R. Hansen, Maryanne M. Mowen, Donna K. Ulmer 
250 # # |a 7th ed 
260 # # |a America  |b Thomson south western  |c 2005 
300 # # |a 395 p.  |c 28 cm. 
650 # 4 |a Kế toán quản trị 
700 1 # |a Mowen, Maryanne M. 
700 1 # |a Ulmer, Donna K. 
852 # # |b Kho đọc  |j KD.0008075 
852 # # |j KD.0008075 
910 0 # |a Ntuyet  |d 28/06/2011 
980 # # |a Trung tâm Học liệu Lê Vũ Hùng, Trường Đại học Đồng Tháp